Tueur Dead by Daylight - Statistiques

Statistiques générales
  • Ce quiz a été pris 831 fois
    798 depuis la dernière actualisation
  • Le résultat moyen est 21 sur 31
Statistiques - réponses
indice tueur nom % Correct
Evan MacMillan Le Piégeur
90%
Philip Ojomo Le Spectre
83%
Anna La Chasseuse
82%
Charlotte et Victor Les Jumeaux
81%
Sally Smithson L'Infirmière
81%
Michael Myers La Silhouette
80%
Freddy Krueger Le Cauchemar
80%
Frank, Julie, Susie, Joey La Légion
78%
Max Thompson Jr. Le Montagnard
77%
Kazan Yamaoka L'oni
76%
Amanda Young Le Cochon
75%
Rin Yamaoka L'Esprit
74%
Nemesis Type T Nemesis
74%
Bubba Sawyer Le Cannibale
72%
Lisa Sherwood La Harpie
71%
Démogorgon Démogorgon
68%
Herman Carter Le Docteur
66%
Dragage Dragage
64%
Ji-Woon Hak Le Farceur
64%
Danny Johnson Ghost Face
61%
Caleb Quinn Le Lance-Mort
60%
Adiris L'Épidémie
60%
Pyramid Head Le Bourreau
59%
Sadako Yamamura L'Onryō
59%
Jeffrey Hawk Le Clown
58%
Albert Wesker Le Mastermind
57%
Carmina Mora L'Artiste
56%
Tarhos Kovács Le Chevalier
52%
Talbot Grimes Le Fléau
50%
Adriana Imai La marchande de crânes
49%
Elliot Spencer Le Cénobite
37%
Aucun quiz correspondant
Distribution des résultats
% des personnes avec chaque résultat
Percentile par nombre de réponses
Votre historique - résultats
Vous n’avez pas pris ce quiz depuis la dernière actualisation